|
|
|
|
| LEADER |
04408nam a22004213i 4500 |
| 001 |
EBC30686011 |
| 003 |
MiAaPQ |
| 005 |
20231204023231.0 |
| 006 |
m o d | |
| 007 |
cr cnu|||||||| |
| 008 |
231204s2023 xx o ||||0 fre d |
| 020 |
|
|
|a 9782875747648
|q (electronic bk.)
|
| 020 |
|
|
|z 9782875747631
|
| 035 |
|
|
|a (MiAaPQ)EBC30686011
|
| 035 |
|
|
|a (Au-PeEL)EBL30686011
|
| 035 |
|
|
|a (OCoLC)1397569625
|
| 040 |
|
|
|a MiAaPQ
|b eng
|e rda
|e pn
|c MiAaPQ
|d MiAaPQ
|
| 100 |
1 |
|
|a Verscheure, Ingrid.
|
| 245 |
1 |
0 |
|a Genre :
|b Perspectives Francophones.
|
| 250 |
|
|
|a 1st ed.
|
| 264 |
|
1 |
|a Brussels :
|b P.I.E. - Peter Lang SA Éditions Scientifiques Internationales,
|c 2023.
|
| 264 |
|
4 |
|c {copy}2023.
|
| 300 |
|
|
|a 1 online resource (234 pages)
|
| 336 |
|
|
|a text
|b txt
|2 rdacontent
|
| 337 |
|
|
|a computer
|b c
|2 rdamedia
|
| 338 |
|
|
|a online resource
|b cr
|2 rdacarrier
|
| 490 |
1 |
|
|a Exploration Series ;
|v v.204
|
| 505 |
0 |
|
|a Cover -- Series Information -- Copyright Information -- Table des matières -- Notices biographiques -- Introduction générale: du genre en didactique(s) (Isabelle Collet, Ingrid Verscheure, Chantal Amade-Escot) -- Première partie: Analyser les activités didactiques à l'aune du genre -- Analyse du positionnement de genre épistémique des élèves dans les ateliers de motricité « Courir comme… »: effets sur l'évolution de leurs trajectoires didactiques (Martine Vinson, Ingrid Verscheure) -- Concrétisation de l'égalité des sexes en co-écriture au CP: la relecture réciproque pour une reconnaissance épistémique fille-garçon en écriture (Murielle Gerin) -- Enseigner le cirque au CP dans une perspective de lutte contre les inégalités de sexe: effets de la recherche collaborative sur les pratiques didactiques (Ingrid Verscheure, Carine Barale) -- L'évaluation en mathématiques au prisme de la didactique et du genre (Nathalie Sayac) -- Comprendre l'action didactique et ses effets différentiels selon le genre dans l'enseignement du handball, en éducation prioritaire: études de cas (Claire Debars) -- Comment les résultats PISA peuvent-ils influencer une réflexion didactique ? (Lucie DeBlois, Maimouna Bagna) -- Les tontes de la Libération : débattre du genre en classe d'histoire (Valérie Opériol) -- Deuxième partie: Introduire les problématiques du genre dans la formation didactique à l'enseignement -- Construction d'un dispositif de formation pour réfléchir au genre à l'aide de la fiction historique (Marie-Hélène Brunet) -- Cécité didactique des stagiaires et de leur formatrice au regard de la mixité en EPS en Tunisie: études de cas lors du stage de préparation professionnelle (Souha Elandoulsi, Chantal Amade-Escot) -- L'enseignement de la littérature au secondaire en Suisse romande sous le prisme des questions de genre (Anne Monnier).
|
| 505 |
8 |
|
|a Intégrer l'approche intersectionnelle en formation des enseignant·es: perceptions et interrogations en Éducation physique et sportive (Odile Maufrais, Sigolène Couchot-Schiex) -- Postface: prise en compte du genre dans les pratiques enseignantes: principes et stratégies dans une perspective intersectionnelle et féministe (Louise Lafortune) -- Bibliographie générale -- Index des tableaux et figures -- Titres de la collection.
|
| 520 |
|
|
|a Cet ouvrage fait le point des recherches qui, dans l'aire francophone, se sont intéressées à la manière dont les inégalités selon le genre se construisent dans la classe. Les chapitres qui le constituent relèvent de travaux menés dans plusieurs disciplines scolaires, à différents niveaux du cursus et dans plusieurs pays.
|
| 588 |
|
|
|a Description based on publisher supplied metadata and other sources.
|
| 590 |
|
|
|a Electronic reproduction. Ann Arbor, Michigan : ProQuest Ebook Central, 2023. Available via World Wide Web. Access may be limited to ProQuest Ebook Central affiliated libraries.
|
| 655 |
|
4 |
|a Electronic books.
|
| 700 |
1 |
|
|a Collet, Isabelle.
|
| 776 |
0 |
8 |
|i Print version:
|a Verscheure, Ingrid
|t Genre : Didactique(s) et Pratiques D'enseignement
|d Brussels : P.I.E. - Peter Lang SA Éditions Scientifiques Internationales,c2023
|z 9782875747631
|
| 797 |
2 |
|
|a ProQuest (Firm)
|
| 830 |
|
0 |
|a Exploration Series
|
| 856 |
4 |
0 |
|u https://ebookcentral.proquest.com/lib/matrademy/detail.action?docID=30686011
|z Click to View
|